| 000 | 01293nam a22003737a 4500 | ||
|---|---|---|---|
| 003 | CHAP | ||
| 005 | 20220817043214.0 | ||
| 008 | 971013s1980 r 00010 d | ||
| 010 | _a68518 | ||
| 011 | _a69490 | ||
| 035 | _a78966 | ||
| 040 | _cCHAP | ||
| 090 | _aFolleto 12175 | ||
| 100 | 0 | 0 |
_aSolís González Cosío, Ana Luisa. _9108440 |
| 245 | _aUso de Fortran IV en el sistema RSX-NM de las computadoras DEC-POPO-11 | ||
| 260 |
_aMéxico : _bUNAM. Facultad de Ciencias. Departamento de Matemáticas, _c1980 |
||
| 300 | _a147 p. | ||
| 490 |
_aComunicación interna. Divulgación _v; 8 |
||
| 500 | _a29-155 | ||
| 590 |
_aBATCH-UPD _b10 _c20130109 _lUCH01 _h2327 |
||
| 590 |
_aBATCH-UPD _b10 _c20130110 _lUCH01 _h0208 |
||
| 590 |
_aBATCH-UPD _b10 _c20130110 _lUCH01 _h2359 |
||
| 590 |
_aBATCH-UPD _b10 _c20130409 _lUCH01 _h1851 |
||
| 590 |
_aBATCH-UPD _b10 _c20130409 _lUCH01 _h2221 |
||
| 590 |
_aBATCH-UPD _b10 _c20130410 _lUCH01 _h1645 |
||
| 590 |
_aBATCH-UPD _b10 _c20130914 _lUCH01 _h1023 |
||
| 590 |
_aCONVERSION _b10 _c20130109 _lUCH01 _h1338 |
||
| 650 | 1 | 4 |
_aFORTRAN (Programación) _942651 |
| 700 | 0 |
_aAlbarran Figueroa, Mario. _93446 |
|
| 830 | 0 |
_aComunicación interna - Divulgación _v; 8 |
|
| 901 | _aBK | ||
| 942 | _cFOLL | ||
| 949 |
_aFolleto 12175 _bBC _cFOLL _d-31843 _eTS1 _i78966 _si |
||
| 999 |
_c68518 _d68518 |
||